[Event "Tournoi Skype 009"]
[Site "Skype"]
[Date "????.??.??"]
[Round "1.1"]
[White "Vincent, Andre"]
[Black "Hervais, Adrien"]
[Result "0-1"]
[WhiteElo "1413"]
[BlackElo "2063"]
[PlyCount "76"]

1. d4 d5 2. c4 Bf5 3. e3 e6 4. Nc3 Nf6 5. Bd3 Bg4 6. f3 dxc4 7. Bxc4 Bh5 8.
Nge2 Be7 9. O-O Nbd7 10. e4 Nb6 11. Bd3 O-O 12. Nf4 Qxd4+ 13. Kh1 Rfd8 14. Qe2
e5 15. Nb5 Qd7 16. Nxh5 Nxh5 17. Rd1 a6 18. Nc3 Qe6 19. b3 Bb4 20. Bb2 Nf4 21.
Bc4 Nxe2 22. Bxe6 Bxc3 23. Bxc3 Nxc3 24. Rxd8+ Rxd8 25. Bg4 Rd1+ 26. Rxd1 Nxd1
27. Kg1 Nc3 28. a3 Nb1 29. a4 Nd2 30. a5 Nxb3 31. axb6 cxb6 32. Bc8 Nc5 33. Kf1
a5 34. Ke2 a4 35. Kd2 a3 36. Kc2 b5 37. Bxb7 Nxb7 38. Kb3 b4 0-1

[Event "Tournoi Skype 009"]
[Site "Skype"]
[Date "????.??.??"]
[Round "1.2"]
[White "Ayotte, Jocelyn"]
[Black "Talbot, Jacques"]
[Result "1-0"]
[WhiteElo "2046"]
[BlackElo "1412"]
[PlyCount "39"]

1. d4 d5 2. Nf3 Nf6 3. c4 e6 4. Nc3 c6 5. e3 Nbd7 6. Bd3 dxc4 7. Bxc4 Be7 8.
O-O O-O 9. Qe2 c5 10. Rd1 cxd4 11. Nxd4 a6 12. e4 b5 13. Nxe6 fxe6 14. Bxe6+
Kh8 15. e5 Ne8 16. Bxd7 Bxd7 17. e6 Nf6 18. Bg5 Qe8 19. exd7 Nxd7 20. Qxe7 1-0

[Event "Tournoi Skype 009"]
[Site "Skype"]
[Date "????.??.??"]
[Round "1.3"]
[White "Gharbi, Said"]
[Black "Auger, Bertrand"]
[Result "0-1"]
[WhiteElo "1406"]
[BlackElo "1985"]
[PlyCount "52"]

1. e4 e6 2. d4 d5 3. exd5 exd5 4. c4 Nf6 5. Bg5 Be7 6. Nf3 O-O 7. Nc3 Re8 8.
Be2 c6 9. O-O Bg4 10. c5 Nbd7 11. Re1 Qc7 12. h3 Bh5 13. Nh4 Bxe2 14. Rxe2 h6
15. Bxf6 Nxf6 16. Qd3 g6 17. Nxg6 fxg6 18. Qxg6+ Kh8 19. Qxh6+ Nh7 20. Rae1 Qd7
21. Re3 Bg5 22. Rxe8+ Rxe8 23. Rxe8+ Qxe8 24. Qd6 Qe1+ 25. Kh2 Qxf2 26. Qg3 Bf4
0-1

[Event "Tournoi Skype 009"]
[Site "Skype"]
[Date "????.??.??"]
[Round "1.4"]
[White "Harnandan, Sergio"]
[Black "Belouin, Alexis"]
[Result "1-0"]
[WhiteElo "1965"]
[BlackElo "1399"]
[PlyCount "131"]

1. d4 e6 2. c4 d6 3. e4 Nc6 4. f4 e5 5. dxe5 dxe5 6. Qxd8+ Kxd8 7. Nf3 f6 8.
fxe5 Nxe5 9. Nxe5 fxe5 10. Be2 Nf6 11. Nc3 Bb4 12. Bg5 Bxc3+ 13. bxc3 Ke7 14.
O-O Bg4 15. Bxf6+ gxf6 16. Bxg4 Rhf8 17. Rad1 Rad8 18. Rxd8 Kxd8 19. Rd1+ Ke7
20. Rd7+ Ke8 21. Rxc7 Rg8 22. Rc8+ Kf7 23. Be6+ Kxe6 24. Rxg8 f5 25. exf5+ Kxf5
26. Kf2 Ke4 27. Ke2 a6 28. Rg7 b5 29. cxb5 axb5 30. Rxh7 Kd5 31. g4 Kc4 32.
Rc7+ Kd5 33. g5 Kd6 34. g6 Kxc7 35. g7 Kd6 36. Ke3 Kc5 37. g8=B b4 38. cxb4+
Kxb4 39. h4 Ka3 40. h5 Kb2 41. h6 Kc3 42. h7 Kb4 43. h8=B Ka4 44. Kd3 Ka3 45.
Kc3 Ka4 46. Bg7 e4 47. Bf8 e3 48. Kd3 e2 49. Kxe2 Ka5 50. Kd3 Ka4 51. Kc4 Ka5
52. Bc5 Ka4 53. Bd5 Ka5 54. Bc6 Ka6 55. Bd4 Ka5 56. Kc5 Ka6 57. Bc3 Ka7 58. Bd2
Ka6 59. Be4 Ka7 60. Kc6 Ka6 61. Bd3+ Ka7 62. Be3+ Kb8 63. Bf5 Ka8 64. Kb6 Kb8
65. Bf4+ Ka8 66. Be4# 1-0

[Event "Tournoi Skype 009"]
[Site "Skype"]
[Date "????.??.??"]
[Round "1.5"]
[White "Casey, Eamonn"]
[Black "Deville, Olivier"]
[Result "0-1"]
[WhiteElo "1399"]
[BlackElo "1931"]
[PlyCount "84"]

1. d4 Nf6 2. c4 e6 3. Nc3 Bb4 4. a3 Bxc3+ 5. bxc3 b6 6. Bg5 Bb7 7. e3 O-O 8.
Nf3 d6 9. Bd3 Nbd7 10. O-O c5 11. Re1 Qc7 12. e4 e5 13. Rc1 Rfe8 14. d5 h6 15.
Bxf6 Nxf6 16. Nh4 g6 17. Qd2 Kg7 18. f4 exf4 19. Qxf4 Nd7 20. Rf1 Ne5 21. Qf6+
Kh7 22. Be2 Qe7 23. Qxe7 Rxe7 24. Rf6 Rd8 25. Rcf1 Kg7 26. R6f2 Ba6 27. Nf3 Ng4
28. Nd4 Nxf2 29. Nc6 Rde8 30. Nxe7 Rxe7 31. Rxf2 Rxe4 32. Bd3 Re3 33. Rf3 Re1+
34. Kf2 Ra1 35. Re3 Kf8 36. Rf3 Ke7 37. Re3+ Kd8 38. Rf3 Ra2+ 39. Ke3 Ke7 40.
Kf4 Rxa3 41. Re3+ Kf8 42. Be2 Bc8 0-1

[Event "Tournoi Skype 009"]
[Site "Skype"]
[Date "????.??.??"]
[Round "1.6"]
[White "Hilton, Stephen"]
[Black "Galani, Mahendra"]
[Result "1-0"]
[WhiteElo "1918"]
[BlackElo "1399"]
[PlyCount "83"]

1. d4 d5 2. c4 e6 3. Nc3 Bb4 4. cxd5 exd5 5. Nf3 Nc6 6. Bf4 Nf6 7. a3 Bxc3+ 8.
bxc3 Ne4 9. Qc1 Na5 10. Rb1 b6 11. e3 O-O 12. Bd3 Bf5 13. Qc2 c6 14. O-O Qf6
15. Rfc1 Nb7 16. Ne5 g6 17. c4 Nd8 18. f3 Nd6 19. Bxf5 Nxf5 20. Nd7 Qe7 21.
Nxf8 Qxf8 22. Qb3 Ne6 23. Be5 Qh6 24. cxd5 cxd5 25. f4 Nh4 26. Qxd5 Rd8 27. Qb7
Qh5 28. Bf6 Re8 29. Rc8 Rf8 30. Rxf8+ Nxf8 31. Qe7 Nf5 32. Qe4 Qe2 33. Qf3 Qd3
34. Rd1 Qxa3 35. e4 Qxf3 36. gxf3 Nh6 37. Rc1 a5 38. d5 a4 39. Rc8 a3 40. d6 a2
41. d7 a1=Q+ 42. Bxa1 1-0

[Event "Tournoi Skype 009"]
[Site "Skype"]
[Date "????.??.??"]
[Round "1.8"]
[White "Plourde, Alain"]
[Black "Lequeux, Pierre"]
[Result "1-0"]
[WhiteElo "1828"]
[BlackElo "1399"]
[PlyCount "47"]

1. d4 d5 2. c4 c6 3. Nc3 Nf6 4. Nf3 Nbd7 5. e3 e6 6. Bd3 Bb4 7. Bd2 Bxc3 8.
Bxc3 a5 9. c5 b6 10. cxb6 Nxb6 11. O-O Ba6 12. Bxa6 Rxa6 13. Ne5 Qc8 14. f3
Nbd7 15. Nxd7 Nxd7 16. Qe2 O-O 17. Rfd1 g6 18. e4 Nf6 19. Rac1 a4 20. Bb4 Rd8
21. Be7 Re8 22. Bxf6 dxe4 23. Qe3 exf3 24. Qh6 1-0

[Event "Tournoi Skype 009"]
[Site "Skype"]
[Date "????.??.??"]
[Round "1.9"]
[White "Mason, Greg"]
[Black "Jacquelin, Norbert"]
[Result "0-1"]
[WhiteElo "1399"]
[BlackElo "1816"]
[PlyCount "50"]

1. e4 Nf6 2. Nc3 d5 3. d3 e5 4. Nf3 Nc6 5. Bg5 Bb4 6. a3 Bxc3+ 7. bxc3 O-O 8.
Be2 Qd6 9. O-O dxe4 10. Nh4 h6 11. Bxf6 Qxf6 12. Nf3 exf3 13. Bxf3 Bd7 14. Re1
Rfe8 15. Rb1 Rab8 16. g3 Nd8 17. Rb4 Bc6 18. Bxc6 Nxc6 19. Rc4 Rbd8 20. d4 exd4
21. cxd4 Rxe1+ 22. Qxe1 Nxd4 23. Kg2 Qf3+ 24. Kh3 Qh5+ 25. Kg2 Qd5+ 0-1

[Event "Tournoi Skype 009"]
[Site "Skype"]
[Date "????.??.??"]
[Round "1.10"]
[White "Legueltel, Daniel"]
[Black "Meaney, Mike"]
[Result "1-0"]
[WhiteElo "1728"]
[BlackElo "1399"]
[PlyCount "98"]

1. d4 d5 2. c4 c6 3. cxd5 cxd5 4. Nc3 e6 5. Nf3 Bb4 6. Bd2 Nf6 7. e3 a6 8. Bd3
O-O 9. O-O Bd6 10. e4 dxe4 11. Nxe4 Nxe4 12. Bxe4 f5 13. Bd3 Nd7 14. Re1 Re8
15. Bg5 Be7 16. Bxe7 Qxe7 17. Bxf5 Nf6 18. Bd3 Rd8 19. Qb3 b5 20. h3 Ra7 21. a4
b4 22. Rac1 a5 23. Bc4 Rd6 24. Rc2 Qe8 25. Rce2 Re7 26. Re5 Qd8 27. Bxe6+ Bxe6
28. Rxe6 Rexe6 29. Rxe6 Nd5 30. Re5 h6 31. Qc4 Kh7 32. Qd3+ Kh8 33. Qe4 Nf6 34.
Qe3 Rd5 35. Rxd5 Qxd5 36. Ne5 Kh7 37. f4 Qe6 38. Qd3+ Kg8 39. Qc4 Nd5 40. f5
Qd6 41. Qc6 Qd8 42. Qe6+ Kh7 43. Qg6+ Kg8 44. Nf7 Qe7 45. Nxh6+ Kf8 46. Ng4
Qe1+ 47. Kh2 Qe2 48. Qd6+ Kg8 49. Qxd5+ Kh7 1-0

[Event "Tournoi Skype 009"]
[Site "Skype"]
[Date "????.??.??"]
[Round "1.11"]
[White "Mordaa, Ahmad"]
[Black "Murgia, Stefano"]
[Result "0-1"]
[WhiteElo "1399"]
[BlackElo "1718"]
[PlyCount "36"]

1. e4 e5 2. Nf3 d5 3. exd5 Bd6 4. c4 e4 5. Qe2 Qe7 6. Nd4 Nf6 7. h3 O-O 8. d3
Re8 9. Be3 exd3 10. Qxd3 Na6 11. Be2 Nb4 12. Qb3 Qe4 13. O-O Qe5 14. Nf3 Qh5
15. Nd4 Qg6 16. Kh1 Re4 17. a3 Bxh3 18. gxh3 Rh4 0-1

[Event "Tournoi Skype 009"]
[Site "Skype"]
[Date "????.??.??"]
[Round "1.12"]
[White "Rajpurohit, Dinesh"]
[Black "Ryan, Lea"]
[Result "1-0"]
[WhiteElo "1697"]
[BlackElo "1399"]
[PlyCount "49"]

1. e4 e5 2. Bc4 Bc5 3. Nf3 Nc6 4. d3 Nf6 5. Ng5 O-O 6. Nc3 d6 7. O-O h6 8. Nf3
Bg4 9. Be3 b6 10. h3 Bh5 11. Qd2 Qd7 12. Nh4 g5 13. Bxg5 hxg5 14. Qxg5+ Bg6 15.
Nxg6 Kh7 16. Nxf8+ Rxf8 17. Qxf6 Rg8 18. Qh4+ Kg7 19. Nd5 Rh8 20. Qg5+ Kf8 21.
Qf6 Rg8 22. Qh6+ Rg7 23. Nf6 Qd8 24. Qh8+ Ke7 25. Qxg7 1-0

[Event "Tournoi Skype 009"]
[Site "Skype"]
[Date "????.??.??"]
[Round "1.13"]
[White "Sahil, Moin"]
[Black "Peignien, Laurent"]
[Result "0-1"]
[WhiteElo "1399"]
[BlackElo "1682"]
[PlyCount "40"]

1. e4 e6 2. Nf3 d5 3. e5 c5 4. d4 Nc6 5. c3 Bd7 6. Bb5 Nxe5 7. Bxd7+ Nxd7 8.
Ne5 Ngf6 9. Nxd7 Qxd7 10. Nd2 cxd4 11. cxd4 Qb5 12. b3 Rc8 13. Bb2 Bb4 14. h3
Ne4 15. a3 Bxd2+ 16. Qxd2 Nxd2 17. Kxd2 Qxb3 18. Rab1 Rc2+ 19. Ke1 Qd3 20. Rc1
Qe2# 0-1

[Event "Tournoi Skype 009"]
[Site "Skype"]
[Date "????.??.??"]
[Round "1.14"]
[White "Bourdeau, Yvan"]
[Black "Steenkamp, Brandt"]
[Result "0-1"]
[WhiteElo "1662"]
[BlackElo "1399"]
[PlyCount "88"]

1. e4 e5 2. Nf3 Nc6 3. Bc4 Bc5 4. c3 Nf6 5. d4 exd4 6. cxd4 Bb4+ 7. Bd2 Bxd2+
8. Nbxd2 O-O 9. O-O d5 10. exd5 Nxd5 11. Ne5 Nxd4 12. Qh5 g6 13. Qh6 Nf5 14.
Qh3 Nfe3 15. Qf3 Nxf1 16. Nxf1 c6 17. Rd1 Qf6 18. Qxf6 Nxf6 19. Ne3 Be6 20. Kf1
Rad8 21. Rxd8 Bxc4+ 22. N5xc4 Rxd8 23. Ke2 Nd5 24. Nxd5 cxd5 25. Na5 Rd6 26.
Nb3 Ra6 27. Nc1 Ra4 28. h3 d4 29. a3 Rc4 30. Kd2 Rc6 31. Nd3 f6 32. Nc1 Rc5 33.
Nd3 Rf5 34. Ke2 Kf7 35. g3 Rd5 36. Kd2 Ke8 37. Ke2 Kd7 38. Kd2 Kc8 39. Kc2 g5
40. Kd2 f5 41. f4 gxf4 42. Nxf4 Re5 43. Ne2 Re4 44. Nxd4 Rxd4+ 0-1

[Event "Tournoi Skype 009"]
[Site "Skype"]
[Date "????.??.??"]
[Round "1.15"]
[White "Coruble, Didier"]
[Black "De Leener, Luc"]
[Result "0-1"]
[WhiteElo "1398"]
[BlackElo "1662"]
[PlyCount "48"]

1. Nf3 d5 2. d4 Nf6 3. Nc3 g6 4. Bf4 a6 5. Be5 Bg7 6. h3 O-O 7. e3 Nc6 8. a3
Nxe5 9. dxe5 Ne8 10. e4 d4 11. Nxd4 Bxe5 12. Ne6 Bxe6 13. Qxd8 Rxd8 14. Bd3 Nf6
15. O-O Nh5 16. Rfd1 Nf4 17. Bf1 Bxc3 18. bxc3 b5 19. a4 Rxd1 20. Rxd1 bxa4 21.
Bxa6 Ra8 22. Bf1 a3 23. c4 Ra4 24. Rd4 a2 0-1

[Event "Tournoi Skype 009"]
[Site "Skype"]
[Date "????.??.??"]
[Round "1.16"]
[White "Megelas, Florent"]
[Black "Hague, Mark"]
[Result "1-0"]
[WhiteElo "1660"]
[BlackElo "1389"]
[PlyCount "103"]

1. e4 c5 2. Nf3 d6 3. d4 cxd4 4. Nxd4 Nf6 5. Nc3 g6 6. Bc4 Bg7 7. O-O O-O 8.
Bb3 Nc6 9. Be3 Nxd4 10. Bxd4 Be6 11. Re1 Bxb3 12. axb3 a6 13. Nd5 Nxd5 14. Bxg7
Kxg7 15. Qxd5 Qc7 16. c4 Qb6 17. Ra3 Rac8 18. e5 Rc5 19. Qd4 dxe5 20. Rxe5 Rxe5
21. Qxe5+ Qf6 22. Qe2 e6 23. Ra4 Qe7 24. b4 Qd6 25. g3 Rd8 26. b5 Qd1+ 27. Qxd1
Rxd1+ 28. Kg2 axb5 29. cxb5 Rd2 30. Ra7 Rxb2 31. Rxb7 Kf6 32. h3 h5 33. b6 e5
34. Kf3 Ke6 35. Ke3 f5 36. Rb8 Kd6 37. Rd8+ Kc6 38. Re8 e4 39. Re6+ Kb7 40.
Rxg6 Rxb6 41. Rxb6+ Kxb6 42. Kf4 Kc5 43. Kxf5 Kd5 44. Kf4 Kd4 45. g4 hxg4 46.
hxg4 Kd5 47. Kf5 Kd4 48. g5 Kd3 49. g6 Ke2 50. g7 Kxf2 51. Kxe4 Kf1 52. g8=Q
1-0

[Event "Tournoi Skype 009"]
[Site "Skype"]
[Date "????.??.??"]
[Round "1.17"]
[White "Chaignet, Lucas"]
[Black "Janssen, Gerard"]
[Result "1-0"]
[WhiteElo "1373"]
[BlackElo "1647"]
[PlyCount "117"]

1. e4 c5 2. Nf3 d6 3. d4 cxd4 4. Nxd4 Nc6 5. Bb5 Qc7 6. Nc3 e6 7. O-O Nf6 8.
Re1 Be7 9. Qf3 O-O 10. Bxc6 bxc6 11. e5 Nd5 12. Nxd5 cxd5 13. Bf4 dxe5 14. Bxe5
Qb6 15. Nb3 f6 16. Bd4 Qb5 17. Rad1 e5 18. Bc5 Bxc5 19. Qxd5+ Kh8 20. Qxc5 Qxc5
21. Nxc5 h5 22. f3 a5 23. c3 Bf5 24. Ne4 a4 25. Kf2 Kh7 26. Ke3 g5 27. Rd6 Kg6
28. h3 h4 29. Red1 Rab8 30. Rb1 Rbc8 31. Ra6 Bxe4 32. fxe4 Rc4 33. Kd3 Rfc8 34.
Rf1 R8c6 35. Rxc6 Rxc6 36. b3 axb3 37. axb3 Kf7 38. b4 Ke6 39. c4 Rd6+ 40. Kc3
Rd4 41. Re1 Kd6 42. Re2 Kc6 43. Rf2 Rd6 44. Rd2 Re6 45. b5+ Kc7 46. Kb4 f5 47.
exf5 Rf6 48. Rf2 e4 49. Re2 Rxf5 50. Rxe4 Rf2 51. Rg4 Rf5 52. Ka5 Kb7 53. g3
hxg3 54. Rxg3 Rc5 55. Rg4 Ka7 56. h4 gxh4 57. Rxh4 Kb7 58. Rh7+ Kc8 59. Kb4 1-0

[Event "Tournoi Skype 009"]
[Site "Skype"]
[Date "????.??.??"]
[Round "1.18"]
[White "Grover, Lovely"]
[Black "Sharma, Mayank"]
[Result "0-1"]
[WhiteElo "1399"]
[BlackElo "1633"]
[PlyCount "58"]

1. e4 c5 2. Nf3 d6 3. d3 Nf6 4. h3 e6 5. Nc3 Be7 6. Be2 O-O 7. Rg1 Nc6 8. a3 a6
9. Bd2 Qc7 10. g3 d5 11. exd5 exd5 12. Na4 Bxh3 13. Ng5 Bf5 14. g4 Bg6 15. Bf3
Qh2 16. Rh1 Qe5+ 17. Kf1 h6 18. Nb6 Rad8 19. Rb1 hxg5 20. c4 Nd4 21. Bg2 Qe6
22. Qf3 Nxf3 23. Nxd5 Nxd2+ 24. Kg1 Nxb1 25. Nxe7+ Qxe7 26. Kh2 Nxg4+ 27. Kg3
Qe5+ 28. Kxg4 Qf4+ 29. Kh3 Bf5# 0-1

[Event "Tournoi Skype 009"]
[Site "Skype"]
[Date "????.??.??"]
[Round "1.19"]
[White "Le Brun, Yves"]
[Black "Raheja, Shiv"]
[Result "1-0"]
[WhiteElo "1608"]
[BlackElo "1344"]
[PlyCount "67"]

1. Nf3 c5 2. c4 e6 3. g3 Nc6 4. Bg2 Nf6 5. O-O Ng4 6. b3 Qf6 7. Nc3 Qg6 8. d3
Nd4 9. Nxd4 cxd4 10. Nb5 Qh5 11. h3 Qc5 12. hxg4 a6 13. Nxd4 Qxd4 14. Bf4 Qf6
15. g5 Qg6 16. Qd2 d6 17. Be4 Qh5 18. Kg2 e5 19. Rh1 Qg4 20. Rh4 Qe6 21. Be3
Be7 22. Rah1 Bd7 23. Bxb7 Rb8 24. Be4 f5 25. gxf6 Bxf6 26. Bg6+ Ke7 27. Rxh7
Qg4 28. Rxh8 Bc6+ 29. f3 Rxh8 30. Rxh8 Qxg6 31. Qa5 Ke6 32. Qxa6 Bd7 33. c5 Be7
34. c6 1-0

[Event "Tournoi Skype 009"]
[Site "Skype"]
[Date "????.??.??"]
[Round "1.20"]
[White "Gerbaux, Regis"]
[Black "Duthoit, Bernard"]
[Result "1-0"]
[WhiteElo "1337"]
[BlackElo "1602"]
[PlyCount "37"]

1. c4 Nf6 2. g3 e5 3. Bg2 Nc6 4. d3 g6 5. Nf3 Bg7 6. Bd2 O-O 7. Qc1 a6 8. Nc3
Rb8 9. Bh6 b5 10. Bxg7 Kxg7 11. b3 b4 12. Nd5 Nxd5 13. cxd5 Nd4 14. Nxe5 Re8
15. Ng4 Rxe2+ 16. Kd1 Qe7 17. Qh6+ Kh8 18. Nf6 Rxf2 19. Qxh7# 1-0

[Event "Tournoi Skype 009"]
[Site "Skype"]
[Date "????.??.??"]
[Round "1.21"]
[White "Engstrom, Olle"]
[Black "Porcabeuf, Jean-Marc"]
[Result "1-0"]
[WhiteElo "1593"]
[BlackElo "1302"]
[PlyCount "47"]

1. e4 e6 2. d4 d5 3. Nd2 c5 4. exd5 exd5 5. Bb5+ Bd7 6. Qe2+ Be7 7. Ngf3 Nf6 8.
O-O O-O 9. Re1 Bd6 10. Bxd7 Nbxd7 11. dxc5 Bxc5 12. Nb3 Bb6 13. Be3 Qc7 14. c3
Rfe8 15. Qd3 Ne5 16. Nxe5 Rxe5 17. Bxb6 axb6 18. a3 Rae8 19. Rxe5 Rxe5 20. h3
h6 21. Nd4 Ne4 22. Re1 Rg5 23. Nf3 Nxf2 24. Re8# 1-0

[Event "Tournoi Skype 009"]
[Site "Skype"]
[Date "????.??.??"]
[Round "1.22"]
[White "Vervoort, Jean-Louis"]
[Black "De Coninck, Philippe"]
[Result "0-1"]
[WhiteElo "1290"]
[BlackElo "1535"]
[PlyCount "22"]

1. e4 e5 2. Nf3 Nc6 3. Bc4 Nf6 4. Ng5 d5 5. exd5 Nxd5 6. d3 h6 7. Ne4 Be6 8.
O-O Qd7 9. Qf3 Ndb4 10. Qe2 Nd4 11. Qd2 Nbxc2 0-1

[Event "Tournoi Skype 009"]
[Site "Skype"]
[Date "????.??.??"]
[Round "1.23"]
[White "Dubois, Real"]
[Black "Gabriele, Noel"]
[Result "0-1"]
[WhiteElo "1534"]
[BlackElo "1273"]
[PlyCount "68"]

1. d4 d5 2. e3 Nf6 3. Nf3 Bg4 4. Bd3 Nc6 5. c3 a6 6. Nbd2 e6 7. h3 Bxf3 8. Nxf3
Bd6 9. Qc2 O-O 10. O-O e5 11. dxe5 Nxe5 12. Nxe5 Bxe5 13. Re1 Qd6 14. f4 Bxf4
15. exf4 Rfe8 16. Rxe8+ Rxe8 17. Bd2 d4 18. Rf1 g6 19. Kh1 Nh5 20. Rf3 c5 21.
c4 Re6 22. a3 Rf6 23. b4 b6 24. bxc5 bxc5 25. Qc1 g5 26. g4 Nxf4 27. Bxf4 gxf4
28. Qd2 h6 29. Bf5 Qe5 30. Rxf4 Rb6 31. Kg2 Rb3 32. Re4 Qg3+ 33. Kh1 Qxh3+ 34.
Qh2 Rb1+ 0-1

[Event "Tournoi Skype 009"]
[Site "Skype"]
[Date "????.??.??"]
[Round "1.24"]
[White "Martin, Elise"]
[Black "Fouquereau, Andre"]
[Result "0-1"]
[WhiteElo "1260"]
[BlackElo "1496"]
[PlyCount "50"]

1. d4 d5 2. c4 e6 3. Nc3 c6 4. Nf3 Nf6 5. e3 Bb4 6. Bd2 O-O 7. Bd3 Nbd7 8. O-O
c5 9. dxc5 Nxc5 10. Be2 Qc7 11. Ng5 Ng4 12. Bxg4 dxc4 13. Qf3 Nd3 14. Qh3 h6
15. Nge4 Qd8 16. Bh5 Nxb2 17. f4 f5 18. Ng3 Qxd2 19. Nb5 Qxe3+ 20. Kh1 Qc5 21.
a4 Nd3 22. Ne2 Nf2+ 23. Rxf2 Qxf2 24. Ng1 Qxf4 25. Qc3 Bxc3 0-1

[Event "Tournoi Skype 009"]
[Site "Skype"]
[Date "????.??.??"]
[Round "1.25"]
[White "Malbec, Robert"]
[Black "Armingaud, Jean-Claude"]
[Result "1-0"]
[WhiteElo "1487"]
[BlackElo "1246"]
[PlyCount "35"]

1. e4 c5 2. Nf3 Nc6 3. d4 cxd4 4. Nxd4 e5 5. Nf3 Nf6 6. Nc3 Bc5 7. Bc4 O-O 8.
O-O b6 9. Bg5 Qc7 10. Bxf6 gxf6 11. Nh4 Ne7 12. Qg4+ Ng6 13. Nxg6 hxg6 14. h4
Re8 15. h5 g5 16. Qf5 Qd6 17. Qg6+ Kf8 18. Qxf7# 1-0

[Event "Tournoi Skype 009"]
[Site "Skype"]
[Date "????.??.??"]
[Round "1.26"]
[White "Philibert, Andre"]
[Black "L'Herbon De Lussats, Jean"]
[Result "0-1"]
[WhiteElo "1243"]
[BlackElo "1479"]
[PlyCount "36"]

1. e4 c5 2. Nf3 Nc6 3. Nc3 e5 4. Nxe5 Nxe5 5. d4 cxd4 6. Qxd4 d6 7. Bf4 Nc6 8.
Qd2 Nf6 9. Bc4 Be6 10. Bxe6 fxe6 11. O-O e5 12. Bg3 Be7 13. Rad1 O-O 14. Rfe1
Nd4 15. Nd5 Nxd5 16. exd5 Qb6 17. c3 Nf5 18. Re3 Nxe3 0-1

[Event "Tournoi Skype 009"]
[Site "Skype"]
[Date "????.??.??"]
[Round "1.27"]
[White "Loyarte, Frederic"]
[Black "Tamditi, Ibrahim"]
[Result "1-0"]
[WhiteElo "1473"]
[BlackElo "1225"]
[PlyCount "117"]

1. e4 d6 2. d4 Nf6 3. Nc3 g6 4. Nf3 Bg7 5. h3 O-O 6. Be2 e6 7. O-O Nc6 8. Be3
a6 9. Qd2 Na7 10. e5 Nd5 11. Nxd5 exd5 12. Bh6 Re8 13. Bxg7 Kxg7 14. c4 dxe5
15. Nxe5 Nc6 16. Nxc6 bxc6 17. c5 Rb8 18. b4 Qe7 19. Rfe1 h6 20. Bg4 Qg5 21.
Qxg5 Rxe1+ 22. Rxe1 hxg5 23. Re8 f5 24. Be2 Kf7 25. Rh8 Ke7 26. g3 Kd7 27. g4
f4 28. f3 Rxb4 29. Rg8 Rxd4 30. Rxg6 Rd2 31. Kf2 d4 32. Ke1 Rxa2 33. Rxg5 Ke7
34. Re5+ Kf6 35. Re4 Kg5 36. Rxd4 Ra1+ 37. Rd1 Ra5 38. Rd8 Be6 39. Ra8 Ra1+ 40.
Kd2 a5 41. Ra7 a4 42. Kc2 a3 43. Bd3 Ra2+ 44. Kb1 Rb2+ 45. Ka1 Rb3 46. Bb1 Rxf3
47. Rxc7 Rf1 48. Ra7 a2 49. Rxa2 Bxa2 50. Kxa2 f3 51. Be4 Re1 52. Bxf3 Re3 53.
Bxc6 Rxh3 54. Bd7 Rh7 55. c6 Re7 56. c7 Re2+ 57. Kb3 Re3+ 58. Kb4 Re4+ 59. Kb5
1-0

[Event "Tournoi Skype 009"]
[Site "Skype"]
[Date "????.??.??"]
[Round "1.29"]
[White "Antonic, Nenad"]
[Black "Coude, Josue"]
[Result "1-0"]
[WhiteElo "1466"]
[BlackElo "1178"]
[PlyCount "71"]

1. d4 d5 2. e3 Nf6 3. Bd3 e6 4. Nf3 Nc6 5. c3 Bd6 6. Nbd2 O-O 7. O-O Bd7 8. e4
Qe7 9. e5 h6 10. exd6 Qxd6 11. Re1 Rfe8 12. Ne5 Rf8 13. Nxd7 Qxd7 14. Nf3 Qe7
15. Ne5 Nb8 16. b3 c6 17. a4 a6 18. Ba3 c5 19. Bxc5 Qc7 20. Bxf8 Kxf8 21. Rc1
Nbd7 22. Nxd7+ Qxd7 23. f3 Rc8 24. c4 b6 25. cxd5 Nxd5 26. Bxa6 Rc7 27. Qd2 Ra7
28. Bc4 Rc7 29. Bb5 Qc8 30. Ba6 Qxa6 31. Rxc7 Nxc7 32. Qb4+ Ke8 33. Qd6 Nb5 34.
axb5 Qxb5 35. Rc1 Qxb3 36. Rc8# 1-0

[Event "Tournoi Skype 009"]
[Site "Skype"]
[Date "????.??.??"]
[Round "1.30"]
[White "Rival, Jocelyn"]
[Black "Trivedi, Viral"]
[Result "0-1"]
[WhiteElo "1156"]
[BlackElo "1464"]
[PlyCount "30"]

1. e4 e5 2. Nf3 Nc6 3. Bb5 Bc5 4. Nc3 a6 5. Ba4 b5 6. Bb3 d6 7. Bd5 Bb7 8. Ng5
Qxg5 9. Bxf7+ Kxf7 10. O-O Rf8 11. Qf3+ Ke8 12. Nd5 Rxf3 13. Nxc7+ Kd7 14. Nxa6
Bxa6 15. d3 Qg6 0-1

[Event "Tournoi Skype 009"]
[Site "Skype"]
[Date "????.??.??"]
[Round "1.31"]
[White "Briere, Jean"]
[Black "Rondeau, Anne-Frederique"]
[Result "1-0"]
[WhiteElo "1457"]
[BlackElo "1044"]
[PlyCount "45"]

1. e4 c5 2. Nf3 Nc6 3. Bc4 g6 4. c3 Bg7 5. O-O Nf6 6. Re1 d6 7. h3 O-O 8. d4 d5
9. exd5 Nxd5 10. dxc5 Nf6 11. Bf4 Na5 12. Na3 Nxc4 13. Nxc4 Bf5 14. Qxd8 Raxd8
15. Rxe7 Nh5 16. Bd6 Bf6 17. Rxb7 a6 18. Bxf8 Kxf8 19. Nd6 Nf4 20. Rxf7+ Kg8
21. Rxf6 Rf8 22. Rxf8+ Kxf8 23. Nxf5 1-0

[Event "Tournoi Skype 009"]
[Site "Skype"]
[Date "????.??.??"]
[Round "1.32"]
[White "Gagnon, Sindy"]
[Black "Belouin, Bruno"]
[Result "0-1"]
[WhiteElo "1029"]
[BlackElo "1456"]
[PlyCount "54"]

1. e4 e5 2. Nc3 d6 3. d3 Nf6 4. Be3 Ng4 5. Nf3 Nxe3 6. fxe3 Nd7 7. d4 Qf6 8.
Bc4 Nb6 9. Bb5+ Bd7 10. Qd3 c6 11. a4 cxb5 12. Nxb5 Qd8 13. Rd1 Nxa4 14. O-O
Nxb2 15. Rb1 Nxd3 16. cxd3 a6 17. Nc3 Be7 18. Rxb7 O-O 19. d5 Bg5 20. Re1 f5
21. exf5 Bxf5 22. e4 Bg4 23. Nxg5 Qxg5 24. Rb2 Rac8 25. Rb3 Bh3 26. Re2 Qc1+
27. Re1 Qxe1# 0-1

[Event "Tournoi Skype 009"]
[Site "Skype"]
[Date "????.??.??"]
[Round "1.33"]
[White "Khatanhar, Mohit"]
[Black "Baker, Abi"]
[Result "1-0"]
[WhiteElo "1450"]
[BlackElo "1000"]
[PlyCount "63"]

1. e4 e6 2. d4 d5 3. e5 Nc6 4. Nf3 b6 5. c3 Bb7 6. Be3 Qd7 7. Nbd2 O-O-O 8. Bb5
Nge7 9. Qa4 Nf5 10. Bg5 Be7 11. Bxe7 Nfxe7 12. O-O-O h6 13. Kb1 g5 14. h3 Rdf8
15. Rc1 f5 16. exf6 Rxf6 17. Ne5 Qe8 18. f3 h5 19. c4 g4 20. hxg4 hxg4 21. Rxh8
Qxh8 22. Nxc6 Bxc6 23. Bxc6 Nxc6 24. Qxc6 e5 25. Qa8+ Kd7 26. Qxh8 Ke6 27.
cxd5+ Kxd5 28. Qxf6 Kxd4 29. Nb3+ Kd5 30. Rd1+ Kc4 31. Qxe5 a5 32. Rd4# 1-0

[Event "Tournoi Skype 009"]
[Site "Skype"]
[Date "????.??.??"]
[Round "1.34"]
[White "Marty, Yvette"]
[Black "Capdeville, Jean"]
[Result "0-1"]
[WhiteElo "1000"]
[BlackElo "1440"]
[PlyCount "78"]

1. e4 e5 2. Nf3 d6 3. Bc4 Nd7 4. d3 Be7 5. Nc3 Ngf6 6. Nd5 Nxd5 7. Bxd5 Nf6 8.
Bb3 h6 9. h3 O-O 10. Bd2 a5 11. a4 Bd7 12. Be3 b6 13. O-O c5 14. c4 Qc8 15. Qd2
Kh7 16. Bd1 Qb7 17. Nh2 Bc6 18. Bf3 Bd7 19. Bxh6 gxh6 20. Ng4 Nxg4 21. hxg4 Bg5
22. Qe2 Qc8 23. g3 Rg8 24. Kg2 Bf6 25. g5 Rxg5 26. Rh1 Bg4 27. Bxg4 Qxg4 28.
Qe3 Rag8 29. Rh3 Rh5 30. Rah1 Rxh3 31. Rg1 Rh5 32. Kf1 Qh3+ 33. Ke1 Qh2 34. Rf1
Qxg3 35. Ke2 Rh1 36. Qf3 Qxf3+ 37. Kxf3 Rxf1 38. Ke2 Rb1 39. b4 axb4 0-1

[Event "Tournoi Skype 009"]
[Site "Skype"]
[Date "????.??.??"]
[Round "2.2"]
[White "De Coninck, Philippe"]
[Black "Ayotte, Jocelyn"]
[Result "0-1"]
[WhiteElo "1535"]
[BlackElo "2046"]
[PlyCount "58"]

1. e4 d6 2. Nf3 Nf6 3. Nc3 g6 4. d4 Bg7 5. Bc4 O-O 6. O-O c6 7. e5 Ne8 8. Re1
d5 9. Be2 f6 10. Be3 Bg4 11. h3 Bxf3 12. Bxf3 fxe5 13. dxe5 e6 14. Bd4 Nd7 15.
Qd2 Nc7 16. Rac1 c5 17. Be3 Nxe5 18. Bxc5 Rxf3 19. Qe2 Rf7 20. Nb5 Nxb5 21.
Qxb5 b6 22. Bd4 Nf3+ 23. gxf3 Bxd4 24. c3 Qg5+ 25. Kf1 Bc5 26. Qc6 Raf8 27.
Qxe6 Qd2 28. Qe2 Qf4 29. b4 Qh2 0-1